Central Library OPAC University of Rajshahi

The quest for certainty : (Record no. 30559)

MARC details
000 -LEADER
fixed length control field 01268nam a2200373 4500
001 - CONTROL NUMBER
control field 30559
003 - CONTROL NUMBER IDENTIFIER
rucl marc code BD-RjUL
005 - DATE AND TIME OF LATEST TRANSACTION
control field 20211209051600.0
008 - FIXED-LENGTH DATA ELEMENTS--GENERAL INFORMATION
fixed length control field 140410r19601929nyu 001 0 eng d
035 ## - SYSTEM CONTROL NUMBER
System control number (OCoLC)276562
-- (BD-RjUL)30645
040 ## - CATALOGING SOURCE
Original cataloging agency UkOxU
Language of cataloging eng
Transcribing agency UkOxU
Modifying agency BD-RjUL
041 ## - LANGUAGE CODE
Language code of text/sound track or separate title eng
082 04 - DEWEY DECIMAL CLASSIFICATION NUMBER
Classification number 191
Author mark and year DEQ 1960
100 1# - MAIN ENTRY--PERSONAL NAME
Personal name Dewey, John,
Dates associated with a name 1859-1952.
9 (RLIN) 2752
245 14 - TITLE STATEMENT
Title The quest for certainty :
Remainder of title a study of the relation of knowledge and action /
Statement of responsibility, etc. by John Dewey
260 ## - PUBLICATION, DISTRIBUTION, ETC. (IMPRINT)
Place of publication, distribution, etc. New York :
Name of publisher, distributor, etc. Putnam,
Date of publication, distribution, etc. 1960.
300 ## - PHYSICAL DESCRIPTION
Pagination 318 p. ;
Size 19 cm.
490 1# - SERIES STATEMENT
Series statement Capricorn books ;
Volume/sequential designation 28
Series statement Gifford lectures ;
Volume/sequential designation 1929
500 ## - GENERAL NOTE
General note "A Putnam Capricorn book"
General note "Based on the Gifford lectures delivered by Dewey at the University of Edinburgh in the spring of 1929". -Rear cover
General note Originally published: New York : Minton, Balch, 1929
504 ## - BIBLIOGRAPHY, ETC. NOTE
Bibliography, etc Includes index
650 #0 - SUBJECT ADDED ENTRY--TOPICAL TERM
Topical term or geographic name as entry element Knowledge, Theory of
9 (RLIN) 92843
Topical term or geographic name as entry element Science
General subdivision Philosophy
9 (RLIN) 92844
Topical term or geographic name as entry element Thought and thinking
9 (RLIN) 92845
710 2# - ADDED ENTRY--CORPORATE NAME
Corporate name or jurisdiction name as entry element University of Edinburgh.
9 (RLIN) 92848
830 #0 - SERIES ADDED ENTRY--UNIFORM TITLE
Volume number/sequential designation 28
Volume number/sequential designation 1929
830 #0 - SERIES ADDED ENTRY--UNIFORM TITLE
Uniform title Capricorn books ;
Uniform title Gifford lectures ;
942 ## - ADDED ENTRY ELEMENTS (KOHA)
Source of classification or shelving scheme Dewey Decimal Classification
Koha item type Books
Holdings
Lost status Source of classification or shelving scheme Damaged status Not for loan Permanent Location Current Location Shelving location Date acquired Source of acquisition Cost, normal purchase price Total Checkouts Full call number Date last seen Copy number Koha item type Collection code
  Dewey Decimal Classification   Not For Loan Central Library, University of Rajshahi Central Library, University of Rajshahi Reading Room 24/03/1966 Zeitlinger 12.00   191 DEQ 1960 10/04/2014 C-1 Books  
  Dewey Decimal Classification     Central Library, University of Rajshahi Central Library, University of Rajshahi   24/03/1966 Zeitlinger 12.00   191 DEQ 1960 10/04/2014 C-2 Books  
  Dewey Decimal Classification     Central Library, University of Rajshahi Central Library, University of Rajshahi   24/03/1966 Zeitlinger 12.00   191 DEQ 1960 10/04/2014 C-3 Books  
  Dewey Decimal Classification     Central Library, University of Rajshahi Central Library, University of Rajshahi   24/03/1966 Zeitlinger 12.00   191 DEQ 1960 10/04/2014 C-4 Books  
  Dewey Decimal Classification     Central Library, University of Rajshahi Central Library, University of Rajshahi   24/10/1973 U. S. Govt. Gift     191 DEQ 1960 22/04/2014 C-5 Books Non-fiction